000 00677nam a2200217Ia 4500
003 GCL
008 140319s9999 xx 000 0 ara d
040 _aGCL /
_cGCL
082 0 4 _aق
_b920.71
_bهـ س
100 1 _aهيئة الاثار المصرية
245 1 0 _aسامى جبرة من طاسا الى تونة /
_cهيئة الاثار المصرية
260 _a[S.N] :
_bدار المعارف ،
_c1984
300 _a228 ص
490 _a
650 0 4 _aمصر
650 0 4 _aالحضارة الفرعونية
650 0 4 _aالاثار الاسلامية
650 0 4 _aالاثار الفرعونية
650 0 4 _aعلم المصريات
942 _2ddc
_cBK
999 _c52445
_d52445